书目信息 |
| 题名: |
曾国藩家族
|
|
| 作者: | 成晓军, 著 | |
| 分册: | ||
| 出版信息: | 重庆 重庆出版社 2006.12 |
|
| 页数: | 249页 | |
| 开本: | 24cm | |
| 丛书名: | ||
| 单 册: | ||
| 中图分类: | K820.9 | |
| 科图分类: | ||
| 主题词: | 政治家--zheng zhi jia--家族--中国--史料 | |
| 电子资源: | ||
| ISBN: | 7-5366-8114-3 | |
| 000 | 00880nam0 2200241 450 | |
| 001 | 012007709067 | |
| 005 | 20070929161903.92 | |
| 010 | @a7-5366-8114-3@dCNY35.00 | |
| 100 | @a20070809d2006 km y0chiy0120 ea | |
| 101 | 0 | @achi |
| 102 | @aCN@b500000 | |
| 105 | @aa a 000yd | |
| 200 | 1 | @a曾国藩家族@Azeng guo fan jia zu@f成晓军著@Fcheng xiao jun zhu |
| 210 | @a重庆@c重庆出版社@d2006.12 | |
| 215 | @a249页@c图@d24cm | |
| 320 | @a有书目。 | |
| 330 | @a本书从曾国藩兄弟的一家、曾国藩兄弟的儿女亲家、曾国藩的家族、曾国藩兄弟的后裔等章节着手,详细地介绍了曾国藩真个感家族主要成员的功过是非,为后世研究曾国藩家族能够起到非常好的参考作用。 | |
| 600 | 0 | @a曾国藩,@Azeng guo fan@f1811-1872@x家族@j史料 |
| 606 | 0 | @a政治家@Azheng zhi jia@x家族@y中国@j史料 |
| 690 | @aK820.9@v4 | |
| 701 | 0 | @a成晓军,@Acheng xiao jun@f1953- @4著 |
| 801 | 0 | @aCN@c20070929 |
| 905 | @dK820.9@eZ021 | |
| 曾国藩家族/成晓军著.-重庆:重庆出版社,2006.12 |
| 249页:图;24cm |
| ISBN 7-5366-8114-3:CNY35.00 |
| 本书从曾国藩兄弟的一家、曾国藩兄弟的儿女亲家、曾国藩的家族、曾国藩兄弟的后裔等章节着手,详细地介绍了曾国藩真个感家族主要成员的功过是非,为后世研究曾国藩家族能够起到非常好的参考作用。 |
| ● |
| 相关链接 |
|
|
|
正题名:曾国藩家族
索取号:K820.9/Z021
 
预约/预借
| 序号 | 登录号 | 条形码 | 馆藏地/架位号 | 状态 | 备注 |
| 1 | 256527 | 202565278 | 社科库309/309社科库 45排6列5层/ [索取号:K820.9/Z021] | 在馆 | |
| 2 | 256528 | 202565287 | 社科库309/309社科库 45排6列5层/ [索取号:K820.9/Z021] | 在馆 | |
| 3 | 256529 | 202565296 | 社科库309/ [索取号:K820.9/Z021] | 在馆 |